LEADER 01593nam a2200325 a 4500 001 000000147907 003 CaOOAMICUS 005 20151202150505.0 008 151202s1994 it u000 u ita r 020 $z88-215-2793-X* 032 $aLibriCat 040 $aPUL$bita 111 2 $aConvegno teologico$n(4 :$d1993 :$cCinisello).$0(OLS)http://pul/name/94497 245 12$aI ritorni di Dio : $bdesideri e aporie della coscienza contemporanea: atti del quarto Convegno teologico Cinisello, 18-20 giugno 1993 /$ca cura di Elio Guerriero e Antonio Tarzia ; [relazioni di] Balestro ... [et al.]. 260 $aMilano :$bSan Paolo,$c1994. 300 $a167 p. ;$c21 cm. 490 1 $aSaggi teologici ;$v13 504 $aContiene bibliografia in nota. 650 4$aTeologia$xCongressi.$0(OLS)http://pul/subject/7855 700 1 $aGuerriero, Elio,$d1948-$0(OLS)http://pul/name/5740 700 1 $aBalestro, Piero.$0(OLS)http://pul/name/94401 700 1 $aTarzia, Antonio.$0(OLS)http://pul/name/38204 830 0$aSaggi teologici (San Paolo) ;$v13.$0(OLS)http://pul/title/66260 850 $aPUL 852 $aPUL$W1$xDP1 Fondo Bordoni$y120$m2 C 36$j115004$qFondi$B171725$CPULBib$Z2$F171725 $HBor385 $81 941 1 $a1 996 $6020$z88-215-2793-X*$9(OLS)http://pul/number/159162 996 $6245$aI ritorni di Dio : $bdesideri e aporie della coscienza contemporanea: atti del quarto Convegno teologico Cinisello, 18-20 giugno 1993$9(OLS)http://pul/title/186640 996 $6260$aMilano :$bSan Paolo$9(OLS)http://pul/publisher/59870 LEADER 01285nam a2200277 a 4500 001 000000166433 003 CaOOAMICUS 005 20180306115700.0 006 a 000 u 008 180306s2017 it frm z000 u ita r 032 $aLibriCat 040 $aPUL$bita 100 1 $aRotasperti, Sergio.$0(OLS)http://pul/name/96191 245 11$a"Sorgente di vita è la bocca del giusto" :$bl'arte della metafora nel Libro dei Proverbi /$cSergio Rotasperti. 260 $aRoma :$bPontificia Università Gregoriana,$c2017. 300 $a119 p. ;$c24 cm 502 $aEstratto da Tesi -- Pontificia Università Gregoriana. Facoltà di teologia, 2017. 504 $aBibliografia: p.[85]-110. 630 04$aBiblia.$pV.T.$pProverbia$xCommenti.$0(OLS)http://pul/subject/634 710 2 $aPontificia Università Gregoriana.$bFacoltà di teologia.$kTesi.$0(OLS)http://pul/name/81592 850 $aPUL 852 $aPUL$W1$xDP1 Tesi Pon. Univ. Gregoriana$y40$m2017 B 29$j190991$qTesi$B193866$CPULBib$Z2$F193866 $81 941 1 $a16 996 $6245$a"Sorgente di vita è la bocca del giusto" :$bl'arte della metafora nel Libro dei Proverbi$9(OLS)http://pul/title/190366 996 $6260$aRoma :$bPontificia Università Gregoriana$9(OLS)http://pul/publisher/47853